Statistiche per Riconosci la Provincia - Quiz n°1

Clicka qui per fare il quiz!

Statistiche generali

  • Questo quiz è stato fatto 14 volte
  • Il punteggio medio è 8 su 9

Statistiche sulle risposte

IndizioRisposta% Corretto
Prefisso / Prefissi0823, 0824
100%
Superficie2 080,44 km²
100%
Popolazione261 225 ab.
100%
Coordinate
del capoluogo
41°08′N 14°47′E
100%
PresidenteNino Lombardi
100%
PIL (nominale)4.577,9 mil €
92%
Numero province confinanti5
92%
Numero comuni78
92%
ProvinciaBenevento
62%

Distribuzione punteggi

Percentile per numero di risposta

Percentuale di utenti per punteggio

I tuoi punteggi nel tempo

Non hai fatto questo quiz